00294nam a2200121Ia 4500008004000000082001300040100001800053245002500071260003300096300000800129650001400137700002100151210210b1985 xxu||||| |||| 00| 0 eng d a538 KAGN aKAGANOV (M I) aNature of magnetism. aMoscowbMir Publishersc1985 a289 aMagnetism aTSUKERNIK (V M).